banner-ar

DEMOCRACY IN AMERICA / (Record no. 5914)

MARC details
000 -الفاتح
حقل البيانات ثابتة الطول 00628nam a2200217Ia 4500
008 - عناصر البيانات ثابتة الطول - معلومات عامة
حقل البيانات ثابتة الطول 140319s9999 xx 000 0 eng d
020 ## - الرقم الدولى المعيارى للكتب
الرقم الدولى المعيارى للكتاب 1857151798
040 ## - مصدر الفهرسة
وكالة الفهرسة الأصلية GCL /
وكالة النسخ GCL
082 04 - رقم تصنيف ديوى العشرى
رقم التصنيف 321.80973
رقم المادة T D
100 1# - المدخل الرئيسى - إسم شخصى
الإسم الشخصى TOCQUERVILLE, ALEXIS DE
245 10 - بيان العنوان
العنوان DEMOCRACY IN AMERICA /
بيان المسئوليه,etc TOCQUERVILLE, ALEXIS DE
700 1# - المدخل الاضافى - اسم شخصى
الإسم الشخصى RYAN, ALAN
260 ## - PUBLICATION, DISTRIBUTION, ETC. (IMPRINT)
تاريخ النشر أو التوزيع 1994
300 ## - الوصف المادى
التعداد 21 CM ؛
أبعاد الوعاء IXV, 394 P
490 ## - بيان السلسلة
عنوان السلسلة THE MILLENNIUM LIBRARY
رقم المجلد/ التعيين التسلسلي 179
650 04 - المدخل الاضافى بالموضوع-مصطلح موضوعى
مصطلح موضوعي DEMOCRACY - U.S.A
650 04 - المدخل الاضافى بالموضوع-مصطلح موضوعى
مصطلح موضوعي POLITICAL SCIENCE
650 04 - المدخل الاضافى بالموضوع-مصطلح موضوعى
مصطلح موضوعي POLITICAL SCIENCE - UNITED STATES
942 ## - عناصر المدخل الإضافي( كوها)
مصدر التصنيف او مخطط الترفيف Dewey Decimal Classification
Koha [default] item type كتاب
260 ## - PUBLICATION, DISTRIBUTION, ETC. (IMPRINT)
-- انجلترا :
-- EVERYMAN'S LIBRARY ،
Holdings
حالة التراجع حالة الفقد حالة تلف ليس للاعارة المكان المؤقت الموقع الحالى تاريخ الاكتساب اجمالي اﻻعارات رقم الطلب الباركود تاريخ اخر مشاهدة تاريخ تفعيل السعر نوع وعاء كوها
        مكتبة القاهرة الكبرى مكتبة القاهرة الكبرى 03/26/2014   321.80973\T D 12460 03/26/2014 03/26/2014 كتاب
        مكتبة القاهرة الكبرى مكتبة القاهرة الكبرى 03/26/2014   321.80973\T D 12461 03/26/2014 03/26/2014 كتاب

Powered By

EGPV